000 00460nam a2200181Ia 4500
008 220204s9999 xx 000 0 und d
082 _a581.1
_bPAE.2
245 0 _aModern methods of plant analysis. V 2
260 _aBerlin
_bSpringer
_c1955
650 _aChitin
650 _aPektine
650 _aPhosphorylated sugar
650 _aPlant mucilage
650 _aPlant tissue extracts
650 _aPlsnt gums
650 _aVolatile acids
942 _cBK
999 _c21041
_d21041